000 00806nam a2200217Ia 4500
001 19130
003 GE_BSU
008 181216s||||||||xx |||||||||||||| ||und||
040 _cGE_BSU
080 _a34
245 _aსაქართველოს კანონი საბიბლიოთეკო საქმის შესახებ. 1996 წლის 11 ივნისი.
260 _aთბილისი
260 _c1996
300 _a12 გვ.
541 _h60 თ.
653 _aსაბიბლიოთეკო საქმე
653 _aსამართალი
653 _aსაქართველოს კანონი საბიბლიოთეკო საქმის შესახებ
653 _aქსეროქსი
942 _cBK
999 _c52123
_d52123